[Event "DOM-ch"]
[Site "Santo Domingo"]
[Date "2017.05.05"]
[Round "9"]
[White "Campusano Espinosa, Zoilo Nelson"]
[Black "Abreu Jean, Carlos Paul"]
[Result "0-1"]
[WhiteElo "2141"]
[BlackElo "2265"]
[PlyCount "58"]
[EventDate "2017.04.21"]
[EventType "swiss"]
[EventRounds "11"]
[EventCountry "DOM"]
[SourceTitle "CBM 178 Extra"]
[Source "ChessBase"]
[SourceDate "2017.06.22"]
[SourceVersion "1"]
[SourceVersionDate "2017.06.22"]
[SourceQuality "1"]

1. d4 Nf6 2. c4 c5 3. d5 b5 4. cxb5 a6 5. bxa6 g6 6. Nc3 Bg7 7. Nf3 0-0 8. e4 Qa5 9. Bd2 d6 10. Be2 Bxa6 11. 0-0 Nbd7 12. Rb1 Ra7 13. Bxa6 Qxa6 14. Qc2 Ng4 15. a4 Nde5 16. Nxe5 Nxe5 17. b3 Rb7 18. h3 Rc8 19. Nb5 Rbb8 20. f4 Nd7 21. Rbe1 c4 22. bxc4 Nb6 23. e5 Nxc4 24. Nc3 Rb2 25. Qc1 Rxd2 26. Re4 Qb6+ 27. Kh1 Rd4 28. Rxd4 Qxd4 29. Rf3 Nd2 0-1

[Event "Santo Domingo Autumn op"]
[Site "Santo Domingo"]
[Date "2016.10.07"]
[Round "6"]
[White "Campusano Espinosa, Zoilo Nelson"]
[Black "Jimenez, Dario"]
[Result "1/2-1/2"]
[WhiteElo "2163"]
[BlackElo "2110"]
[PlyCount "91"]
[EventDate "2016.10.07"]
[EventType "swiss"]
[EventRounds "8"]
[EventCountry "DOM"]
[SourceTitle "CBM 175 Extra"]
[Source "ChessBase"]
[SourceDate "2016.12.12"]
[SourceVersion "1"]
[SourceVersionDate "2016.12.12"]
[SourceQuality "1"]

1. d4 Nf6 2. Nf3 d6 3. c4 g6 4. Nc3 Bg7 5. e4 0-0 6. Be2 e5 7. 0-0 Nc6 8. d5 Ne7 9. Ne1 a5 10. Be3 Nd7 11. Nd3 f5 12. f4 fxe4 13. Nxe4 Nf5 14. Bf2 exf4 15. Nxf4 Ne5 16. Ne6 Bxe6 17. dxe6 Qe7 18. c5 Qxe6 19. cxd6 Nxd6 20. Ng5 Qe7 21. Qb3+ Kh8 22. Ne6 a4 23. Qh3 Rf5 24. Nxg7 Kxg7 25. Rae1 Rxf2 26. Rxf2 Ne4 27. Qe3 Nxf2 28. Qxf2 Rf8 29. Qd4 Qf6 30. Kh1 c6 31. h3 Qf4 32. Qc3 Rf6 33. Rd1 h5 34. Rd4 Qf2 35. Re4 Nf7 36. Bf3 Qg3 37. Re7 b5 38. Re6 Qf4 39. Rxc6 Ne5 40. Rxf6 Qxf6 41. Be2 Nc4 42. Bxc4 Qxc3 43. bxc3 bxc4 44. Kg1 Kf6 45. Kf2 Ke5 46. Ke3 1/2-1/2

[Event "Santo Domingo Autumn op"]
[Site "Santo Domingo"]
[Date "2016.10.07"]
[Round "3"]
[White "Mendez, Ruddy Antonio"]
[Black "Campusano Espinosa, Zoilo Nelson"]
[Result "1-0"]
[WhiteElo "2074"]
[BlackElo "2163"]
[PlyCount "73"]
[EventDate "2016.10.07"]
[EventType "swiss"]
[EventRounds "8"]
[EventCountry "DOM"]
[SourceTitle "CBM 175 Extra"]
[Source "ChessBase"]
[SourceDate "2016.12.12"]
[SourceVersion "1"]
[SourceVersionDate "2016.12.12"]
[SourceQuality "1"]

1. d4 Nf6 2. Nf3 g6 3. g3 Bg7 4. Bg2 d6 5. 0-0 0-0 6. c4 Nbd7 7. Qc2 c5 8. dxc5 Nxc5 9. Nd4 Rb8 10. Rd1 Bd7 11. Nc3 Qc8 12. Bg5 Re8 13. Rac1 Ne6 14. Nxe6 Bxe6 15. Na4 b5 16. cxb5 Qxc2 17. Rxc2 Bxa2 18. Ra1 Bb3 19. Rc7 d5 20. Nc5 Bc4 21. Raxa7 Rxb5 22. Nd3 h6 23. Bc1 Bf8 24. Bh3 Rb6 25. Be3 Rb3 26. Rcb7 e5 27. Rxf7 d4 28. Rxf6 Bg7 29. Rxg6 Bf7 30. Rc6 dxe3 31. Rcc7 exf2+ 32. Nxf2 e4 33. Rxf7 Bd4 34. Rfe7 Rxe7 35. Rxe7 e3 36. Be6+ Kf8 37. Rf7+ 1-0

[Event "DOM-ch"]
[Site "Santo Domingo"]
[Date "2016.04.16"]
[Round "10"]
[White "Arvelo Leo, Gian Carlo"]
[Black "Campusano Espinosa, Zoilo Nelson"]
[Result "0-1"]
[WhiteElo "2173"]
[BlackElo "2124"]
[PlyCount "112"]
[EventDate "2016.04.01"]
[EventType "swiss"]
[EventRounds "11"]
[EventCountry "DOM"]
[SourceTitle "CBM 171 Extra"]
[Source "ChessBase"]
[SourceDate "2016.04.26"]
[SourceVersion "1"]
[SourceVersionDate "2016.04.26"]
[SourceQuality "1"]

1. Nf3 Nf6 2. g3 g6 3. Bg2 Bg7 4. 0-0 d5 5. c4 c6 6. cxd5 cxd5 7. d4 0-0 8. Nc3 Nc6 9. Ne5 e6 10. Nxc6 bxc6 11. Bf4 Nh5 12. Be3 Rb8 13. Qd2 f5 14. f4 Nf6 15. Kh1 Qe7 16. Rac1 Qb4 17. Rc2 Ba6 18. b3 Ng4 19. Bg1 Rbc8 20. Rfc1 c5 21. dxc5 Rxc5 22. Bxc5 Qxc5 23. Nd1 Qb5 24. h3 Nf6 25. Nf2 Rd8 26. e3 Bb7 27. Rc7 Nh5 28. Kh2 g5 29. Re7 gxf4 30. gxf4 Bf6 31. Rec7 e5 32. R1c5 Qb6 33. b4 e4 34. Qe2 Ng7 35. Qb5 Ba8 36. Rc8 Qxb5 37. Rxd8+ Bxd8 38. Rxb5 Bb6 39. a4 Bc6 40. Rxb6 axb6 41. b5 Bb7 42. Nd1 Ne6 43. Bf1 Kg7 44. Kg1 d4 45. Bc4 dxe3 46. Nxe3 Nxf4 47. Nxf5+ Kf6 48. Nd6 Ba8 49. Kf2 Ke5 50. Nc8 Kd4 51. Nxb6 e3+ 52. Kg3 Nd3 53. Bxd3 Kxd3 54. Nd7 Kd2 55. Ne5 Bd5 56. Ng4 e2 0-1

[Event "Santo Domingo Duarte Memorial 5th"]
[Site "Santo Domingo"]
[Date "2016.01.10"]
[Round "4"]
[White "Guzman, Christopher"]
[Black "Campusano Espinosa, Zoilo Nelson"]
[Result "1-0"]
[WhiteElo "2257"]
[BlackElo "2081"]
[PlyCount "117"]
[EventDate "2016.01.08"]
[EventType "swiss"]
[EventRounds "8"]
[EventCountry "DOM"]
[SourceTitle "CBM 170 Extra"]
[Source "ChessBase"]
[SourceDate "2016.02.25"]
[SourceVersion "1"]
[SourceVersionDate "2016.02.25"]
[SourceQuality "1"]

1. e4 d6 2. d4 Nf6 3. Nc3 g6 4. f3 Bg7 5. Be3 0-0 6. Qd2 c6 7. Bd3 Nbd7 8. h4 e5 9. dxe5 Nxe5 10. 0-0-0 Be6 11. h5 Qa5 12. hxg6 fxg6 13. Kb1 b5 14. Nd5 Qxd2 15. Nxf6+ Bxf6 16. Rxd2 Nxd3 17. cxd3 c5 18. Nh3 Rf7 19. Ng5 Bxg5 20. Bxg5 d5 21. Rc1 Rc8 22. Be3 Rfc7 23. Rdc2 c4 24. Bf4 Rf7 25. Be5 Re8 26. d4 a5 27. Rh1 dxe4 28. fxe4 Ref8 29. Bg3 Rf1+ 30. Rc1 Rxh1 31. Rxh1 Bg4 32. Re1 Rd8 33. d5 Rd7 34. Kc2 b4 35. b3 c3 36. Kd3 g5 37. Kc4 c2 38. Rc1 Be2+ 39. Kd4 Bd1 40. e5 Ra7 41. e6 a4 42. d6 axb3 43. axb3 Kf8 44. d7 Ke7 45. Bd6+ Kd8 46. Be5 Rxd7+ 47. exd7 Kxd7 48. Bf6 g4 49. Bg5 Ke6 50. Ke4 h5 51. Ra1 Kd6 52. g3 Kc5 53. Ke5 Kb5 54. Kd6 c1Q 55. Rxc1 Bxb3 56. Bd2 Bc4 57. Ke5 Bd3 58. Kd4 Bg6 59. Rc5+ 1-0

[Event "Santo Domingo Summer op"]
[Site "Santo Domingo"]
[Date "2015.07.18"]
[Round "2"]
[White "Lugo Matos, Richards Reynier"]
[Black "Campusano Espinosa, Zoilo Nelson"]
[Result "1-0"]
[WhiteElo "2198"]
[BlackElo "2106"]
[PlyCount "115"]
[EventDate "2015.07.17"]
[EventType "swiss"]
[EventRounds "8"]
[EventCountry "DOM"]
[SourceTitle "EXT 2016"]
[Source "ChessBase"]
[SourceDate "2015.10.08"]
[SourceVersion "1"]
[SourceVersionDate "2015.10.08"]
[SourceQuality "1"]

1. e4 c5 2. Nf3 d6 3. Bb5+ Bd7 4. Bxd7+ Qxd7 5. c4 g6 6. 0-0 Bg7 7. d4 cxd4 8. Nxd4 Nc6 9. Be3 Nf6 10. f3 0-0 11. Nc3 Rfd8 12. Rf2 Nxd4 13. Bxd4 e6 14. Rd2 Qc6 15. Qe2 a6 16. a4 Rac8 17. b3 Nd7 18. Bxg7 Kxg7 19. Qd1 Qc5+ 20. Kh1 Nf6 21. Qc2 Qe5 22. Rad1 d5 23. Qb2 Rd7 24. exd5 exd5 25. Re2 Qg5 26. Nxd5 Rcd8 27. Red2 Kh6 28. f4 Qf5 29. Qe5 Ne4 30. Qxf5 gxf5 31. Rc2 Nf6 32. Kg1 Nxd5 33. Rxd5 Rxd5 34. cxd5 Rxd5 35. Rc7 b5 36. Rc6+ Kh5 37. Rxa6 bxa4 38. bxa4 Kg4 39. Rh6 Kxf4 40. Rxh7 Rd1+ 41. Kf2 Rd2+ 42. Kf1 Rd1+ 43. Ke2 Ra1 44. g3+ Ke5 45. Rh4 f6 46. Kd3 Kd5 47. Kc3 Re1 48. Rd4+ Ke5 49. Rd2 f4 50. gxf4+ Kxf4 51. Rf2+ Ke5 52. Ra2 f5 53. a5 Rc1+ 54. Kd3 Rc7 55. a6 Ra7 56. Ke3 Kf6 57. Kf4 Kg6 58. Ra5 1-0

[Event "Santo Domingo Summer op"]
[Site "Santo Domingo"]
[Date "2015.07.17"]
[Round "1"]
[White "Campusano Espinosa, Zoilo Nelson"]
[Black "Arias Diaz, Ernesto Antonio"]
[Result "1-0"]
[WhiteElo "2106"]
[BlackElo "1876"]
[PlyCount "69"]
[EventDate "2015.07.17"]
[EventType "swiss"]
[EventRounds "8"]
[EventCountry "DOM"]
[SourceTitle "EXT 2016"]
[Source "ChessBase"]
[SourceDate "2015.10.08"]
[SourceVersion "1"]
[SourceVersionDate "2015.10.08"]
[SourceQuality "1"]

1. d4 d5 2. Nf3 Nf6 3. c4 e6 4. Nc3 Be7 5. e3 a6 6. Bd3 dxc4 7. Bxc4 b5 8. Bb3 Bb7 9. 0-0 0-0 10. Qe2 c5 11. Rd1 c4 12. Bc2 Qc7 13. Ne5 Nc6 14. f4 Nb4 15. Bb1 Rad8 16. a4 Qb6 17. axb5 axb5 18. Bd2 Ra8 19. Rxa8 Rxa8 20. Be1 Nbd5 21. Bh4 Nxc3 22. bxc3 Qa5 23. Bxf6 Bxf6 24. Bxh7+ Kf8 25. Nd7+ Ke7 26. Nc5 Bc6 27. e4 g6 28. d5 Qxc3 29. e5 Bh4 30. dxc6 Ra1 31. Qf1 Qe3+ 32. Kh1 Rxd1 33. Qxd1 Qxc5 34. Qd7+ Kf8 35. c7 1-0